ইসলাম ও খৃস্টবাদ / (Record no. 3902)
[ view plain ]
| 000 -LEADER | |
|---|---|
| fixed length control field | 00715nam a2200229 a 4500 |
| 001 - CONTROL NUMBER | |
| JCCL Control Number | 3902 |
| 003 - CONTROL NUMBER IDENTIFIER | |
| JCCL marc code | BD-JhCC |
| 005 - DATE AND TIME OF LATEST TRANSACTION | |
| control field | 20180303180219.0 |
| 008 - FIXED-LENGTH DATA ELEMENTS--GENERAL INFORMATION | |
| fixed length control field | 171119s1987 mul||||| ||a| 000 0 mul d |
| 035 ## - SYSTEM CONTROL NUMBER | |
| system control number | (BD-JhCC)3902 |
| 040 ## - CATALOGING SOURCE | |
| Original cataloging agency | BD-JhCC |
| Modifying agency | BD-JhCC |
| 041 ## - LANGUAGE CODE | |
| Language code of Book | mul |
| 082 ## - DEWEY DECIMAL CLASSIFICATION NUMBER | |
| Classification number | 297.1972 |
| Author mark and Year | SAI 1987 |
| 100 ## - MAIN ENTRY--PERSONAL NAME | |
| Personal name | সাইদ, সাইয়্যেদ আহমদ |
| 245 ## - TITLE STATEMENT | |
| Title | ইসলাম ও খৃস্টবাদ / |
| Statement of responsibility, etc | সাইয়্যেদ আহমদ সাইদ |
| 260 ## - PUBLICATION, DISTRIBUTION, ETC. (IMPRINT) | |
| Place of publication, distribution, etc | ঢাকা : |
| Name of publisher, distributor, etc | ইসলামিক ফাউন্ডেশন, |
| Date of publication, distribution, etc | ১৯৮৭. |
| 300 ## - PHYSICAL DESCRIPTION | |
| Pagination | 16 p. : |
| Dimensions | 21 cm. |
| 650 ## - SUBJECT ADDED ENTRY--TOPICAL TERM | |
| Topical term or geographic name as entry element | Islam |
| 650 ## - SUBJECT ADDED ENTRY--TOPICAL TERM | |
| Topical term or geographic name as entry element | Interfaith Relations |
| 942 ## - ADDED ENTRY ELEMENTS (KOHA) | |
| Source of classification or shelving scheme | Dewey Decimal Classification |
| Koha item type | Books |
| Source of classification or shelving scheme | Damaged status | Not for loan | Home library | Current library | Shelving location | Date of accession | Cost, normal purchase price | Total Checkouts | Full call number | Barcode | Date last seen | Copy number | Koha item type |
|---|---|---|---|---|---|---|---|---|---|---|---|---|---|
| Dewey Decimal Classification | JCC Rouf Library | JCC Rouf Library | General Stacks | 11/19/2017 | 3.00 | 297.1972 SAI 1987 | 5643 | 11/19/2017 | C-1 | Books |